Academic Proposal Writing: (Record no. 8356)
[ view plain ]
| 000 -LEADER | |
|---|---|
| fixed length control field | 00671nam a2200181 4500 |
| 008 - FIXED-LENGTH DATA ELEMENTS--GENERAL INFORMATION | |
| fixed length control field | 151012b xxu||||| |||| 00| 0 eng d |
| 020 ## - INTERNATIONAL STANDARD BOOK NUMBER | |
| International Standard Book Number | 9789966210432 |
| 050 ## - LIBRARY OF CONGRESS CALL NUMBER | |
| Classification number | PE 1408 .M38 2007 |
| 100 ## - MAIN ENTRY--PERSONAL NAME | |
| Personal name | Mathooko, Jude M. |
| 245 ## - TITLE STATEMENT | |
| Title | Academic Proposal Writing: |
| Remainder of title | A Guide to Preparing Proposals For Academic Research |
| Statement of responsibility, etc. | Jude Mutuku Mathooko, Francis Mutiso Mathooko and Petronilla Mbatha Mathooko |
| 250 ## - EDITION STATEMENT | |
| Edition statement | 2nd ed. |
| 260 ## - PUBLICATION, DISTRIBUTION, ETC. (IMPRINT) | |
| Place of publication, distribution, etc. | Nairobi: |
| Name of publisher, distributor, etc. | Jude Mutuku Mathooko, |
| Date of publication, distribution, etc. | 2007. |
| 300 ## - PHYSICAL DESCRIPTION | |
| Extent | xv, 193p.: |
| Dimensions | 21cm. |
| 650 ## - SUBJECT ADDED ENTRY--TOPICAL TERM | |
| Topical term or geographic name as entry element | Writing. |
| 942 ## - ADDED ENTRY ELEMENTS (KOHA) | |
| Source of classification or shelving scheme | |
| Koha item type | Short Loan Books |
| Classification part | PE 1408 .M38 2007 |
| Koha issues (borrowed), all copies | 1 |
| Withdrawn status | Lost status | Source of classification or shelving scheme | Damaged status | Not for loan | Home library | Current library | Shelving location | Date acquired | Source of acquisition | Total Checkouts | Full call number | Barcode | Date last seen | Date last checked out | Price effective from | Koha item type |
|---|---|---|---|---|---|---|---|---|---|---|---|---|---|---|---|---|
| MACHAKOS UNIVERSITY LIBRARY | MACHAKOS UNIVERSITY LIBRARY | Short Loan | 12/10/2015 | Donation (B.F.A) | 4 | PE 1408 .M38 2007 | 12006 | 05/06/2019 | 04/10/2018 | 12/10/2015 | Hard Covered Materials | |||||
| MACHAKOS UNIVERSITY LIBRARY | MACHAKOS UNIVERSITY LIBRARY | Short Loan | 15/05/2019 | Donation(Books parlour ltd) | PE 1408 .M38 2007 | 38875 | 21/11/2023 | 12/10/2015 | Hard Covered Materials |